| 000 | 00598cam a2200169 i 4500 | ||
|---|---|---|---|
| 005 | 20251203111121.0 | ||
| 008 | 250721s1987 ua gr 000 0 ara d | ||
| 082 | 1 | 4 |
_a214.2 _bم ح م |
| 100 | 1 |
_aأبو العباس، محمد علي _eمؤلف. |
|
| 245 | 3 | 1 |
_aنساء أهل الجنة : _bأصنافهن - حسنهن - أوصافهن - جمالهن / _cمحمد علي ابو العباس. |
| 264 | 1 |
_aالقاهرة : _bمكتبة القران، _c1987. |
|
| 300 | _a80صفحه. | ||
| 650 | 1 | 7 | _aاليوم الآخر. |
| 650 | 1 | 7 | _aالجنة. |
| 942 |
_2ddc _cBK |
||
| 999 |
_c813 _d813 |
||